| 000 | 03102nam a2200277Ia 4500 | ||
|---|---|---|---|
| 003 | OSt | ||
| 005 | 20210525214853.0 | ||
| 008 | 210310s1998 ck ad gr 000 0dspa d | ||
| 020 | _a9589061966 | ||
| 040 |
_aCO-JMCR _cCO-JMCR |
||
| 041 | 0 | _aspa | |
| 082 | 0 | 4 |
_a333.715 / _bR913e _223 |
| 100 | 1 |
_aRudas, Guillermo, _915879 _eautor |
|
| 245 | 1 | 0 |
_aEconomía y ambiente : _binstrumentos económicos, cuentas ambientales y análisis costo-beneficio / _cGuillermo Rudas |
| 250 | _a1a. edición | ||
| 260 |
_aBogotá : _bFescol : Cerec : IER, _c1998 |
||
| 300 |
_a219 páginas : _bilustraciones y gráficas a blanco y negro ; _c21 cm. |
||
| 500 | _aIncluye notas a pie de página. | ||
| 504 | _aBibliografía: páginas [213]-219 | ||
| 505 | 0 | _aEl análisis económico y la política ambiental -- Instrumentos económicos para la protección ambiental: una alternativa ante los errores de política y las fallas de mercado -- Producción industrial, normas ambientales y sostenibilidad: una visión económica -- Las tasas retributivas por vertimientos contaminantes: ¿estrategia financiera o instrumento económico? -- Uso del agua e incentivos económicos para la conservación de cuencas hidrográficas -- Viabilidad e incentivos económicos en proyectos de manejo integral de microcuencas -- Análisis económico aplicado al ordenamiento ecológico -- Análisis costo-beneficio de la protección de la capa de ozono en Colombia -- Integración institucional, conceptual y de información de las cuentas económicas y ambientales: la experiencia colombiana | |
| 520 | 3 | _aPuede ser armónica con el ambiente una estrategia de desarrollo económico y social? ¿Es variable una política ambiental sin entrar en contradicción con el desarrollo del país? Economía y ambiente responde a estos interrogantes, analizando cuatro asuntos centrales: los errores de política, las fallas del mercado y sus impactos ambientales; los instrumentos económicos de la política ambiental; el análisis costo-beneficio y las decisiones ambientales; y los sistemas de cuentas ambientales. Además de reflexiones conceptuales sobre estos asuntos, se presentan aplicaciones de los mismos a la realidad colombiana desde diversas perspectivas. Los instrumentos económicos se ilustran con base en las tasas retributivas por contaminación hídrica y en los incentivos al manejo adecuado de microcuencas. El análisis costo-beneficio se presenta con reflexiones sobre el manejo adecuado de zonas protegidas y muy especialmente aplicado a la toma de decisiones sobre la protección de la capa de ozono en Colombia. En ambos casos se presentan -de forma conceptual y aplicada diversas técnicas de valoración del ambiente. Finalmente, las cuencas ambientales se ilustran con avances logrados en Colombia, los cuales -a pesar de incipientes- colocan al país dentro de las naciones más avanzadas del continente en este terreno. | |
| 650 | 1 | 4 |
_aDesarrollo económico _xAspectos ambientales _937898 |
| 650 | 2 | 4 |
_aPolítica ambiental _zColombia _98691 |
| 650 | 2 | 4 |
_aRecursos naturales _zColombia _98353 |
| 942 |
_2ddc _cBK |
||
| 999 |
_c7941 _d7941 |
||